000 00445nam a2200181Ia 4500
005 20250603145633.0
008 250603s9999 xx 000 0 und d
020 _a9781138833845
050 _aBM 729 .M37/
100 _aYoel Cohen
245 0 _aRabbis, reporters and the public in the digital Holyland
260 _aAbingdon
260 _bRoutledge
260 _c2024
300 _avii, 290p.: ill.
650 _aAbingdon
942 _cBK
999 _c42415
_d42415